01713nam a2200205Ia 4500008004100000020001500041050002000056082001700076100003200093240004000125245009200165250001800257260005200275300004100327500013100368505091900499650002201418700002701440700004001467120625s2002 mx a 001 0 spa d a970103392214aHD37 bK65 2002 a658.4 bK75e1 aKoontz, Haroldeautord1908 aEssentials of managementlespañol10aElementos de administracion b: enfoque internacionalc/ Harold Koontz y Heinz Weihrich a5a. edición3 aMéxicob: McGraw-Hill Interamericana c, 2002 axxi, 497 páginas b: ilustraciones aIncluye: Índice onomástico (pp. 477-482) Índice de marcas y productos (pp. 483-486) Índice analítico (pp. 487-497) 0 aLa base de la teoría y la práctica de la administración global Administración: ciencia, teoría y práctica Administración y sociedad: condiciones externas, responsabilidad social y cuestiones ética Administración internacional Planeación Fundamentos de proyección y administración por objetivos Estrategias, políticas y premisas de planeación Toma de decisiones Resumen de los principios o guias más importantes para la planeación Organización La naturaleza de la organización, el carácter emprendedor y la reingeniería Estructura de la organización: división departamental Personal de línea y personal de apoyo: autoridad, empowerment y descentralización Organización eficaz y selección de recursos humanos Integración de personal Evaluación del desempeño y estrategia profesional Manejo del cambio a través del desarrollo del administrador10aADMINISTRACIÓN 1 aWeihrich, Heinzeautor1 aGarcia Lozano, Bereniceetraductora